000
00339pab a2200145 454500
008
180718b1986 xxu||||| |||| 00| 0 eng d
100
_a
Reddy, C. Kulsum
245
_a
The open university
260
_c
1986
300
_a
27-30
362
_a
12 July
650
_a
Colleges and Universities - India
773
_a
Mainstream
909
_a
6029
999
_c
6029
_d
6029